| 000 | 00000nas 2200000za 4500 |
| 001 | 9.506182 |
| 003 | CaOODSP |
| 005 | 20221107133608 |
| 007 | cr ||||||||||| |
| 008 | 150406d20042013oncar psoss f0 a0eng|d |
| 022 | |a1912-9505 |
| 040 | |aCaOODSP|beng |
| 043 | |an-cn--- |
| 086 | 1 |aHS25-2E-PDF |
| 130 | 0 |aSocial assistance statistical report (Online) |
| 222 | 0|aSocial assistance statistical report |
| 245 | 10|aSocial assistance statistical report |h[electronic resource]. |
| 260 | |aOttawa : |bSocial Development Canada |
| 310 | |aAnnual |
| 362 | 1 |aBegan with 2004; ceased with 2009-2013. |
| 500 | |aIssued also in French under title: Rapport statistique sur l'aide sociale. |
| 520 | |aThe report provides provincial-territorial income support (primarily social assistance) statistics and brief descriptions of income support-related programs in the provinces-territories. |
| 550 | |aIssued 2005 by Human Resources and Social Development Canada; 2006-2008 by Human Resources and Skills Development Canada; 2009/2013 by Employment and Social Development Canada. |
| 550 | |aReport prepared by: FPT Directors of Income Support. |
| 692 | 07|2gccst|aSocial assistance |
| 692 | 07|2gccst|aSocial services |
| 710 | 1 |aCanada. |bEmployment and Social Development Canada. |
| 710 | 1 |aCanada. |bSocial Development Canada. |
| 710 | 1 |aCanada. |bHuman Resources and Social Development Canada. |
| 710 | 1 |aCanada. |bHuman Resources and Skills Development Canada. |
| 710 | 2 |aFederal-Provincial-Territorial Directors of Income Support (Canada) |
| 775 | 08|tRapport statistique sur l'aide sociale |w(CaOODSP)9.502583 |